Amtrak Station Codes - Easy - Statistics

General Stats
  • This quiz has been taken 57 times
  • The average score is 14 of 15
Answer Stats
Hint Answer % Correct
DEN Denver
100%
BAL Baltimore
98%
BOS Boston
98%
SEA Seattle
98%
ATL Atlanta
96%
CHI Chicago
96%
DAL Dallas
96%
MIA Miami
96%
NYP New York
96%
SAC Sacramento
96%
OKC Oklahoma City
94%
TPA Tampa
91%
KCY Kansas City
87%
ALB Albany
83%
FLG Flagstaff
77%
No matching quizzes found
Score Distribution
Percent of People with Each Score
Percentile by Number Answered
Your Score History
You have not taken this quiz